00434nam a2200121Ia 450000500170000000800410001708200130005810000180007124500400008926000340012930000130016350001360017620250508072715.0240331s9999 xx 000 0 und d bTHEa891 aThevagowri, M 0aEnpathukalil mallikai vimarsanangal aJaffnabMalikai Panthalc1996 a132 p ., aIlathil Thodarchchiya veli vantha malikkai sanchikaiyil 80 kalil veli vantha vimarsanagalap patriya kuripitathakka thoru aayvu nool